| 000 | 01073nam a2200277 a 4500 | ||
|---|---|---|---|
| 001 | BRL_2 | ||
| 005 | 20190320210539.0 | ||
| 008 | 280912s1983----mx-ab#####---#000-0#spa-# | ||
| 041 | _aspa | ||
| 044 | _amx | ||
| 050 | 4 |
_aHG5170 _b.G66 1983 |
|
| 100 | 1 |
_aGonzález Pacheco, Cuauhtémoc _922615 |
|
| 245 | 1 | 0 |
_aCapital extranjero en la selva de Chiapas, 1863-1982 _cCuauhtémoc González Pacheco. |
| 260 |
_aMéxico _bUNAM, Instituto de Investigaciones Económicas _c1983 |
||
| 300 |
_a205 p. _bil., 14 hojas plegables de las cuales 13 son mapas _c21 cm. |
||
| 440 | 0 |
_aColección Grandes problemas nacionales _pSerie Los bosques de México _922616 |
|
| 500 | _aEl ejemplar 1 incluye dedicatoria para Ruth Lechuga del autor | ||
| 500 | _aLa biblioteca cuenta con 2 ejemplares | ||
| 500 | _aEj.1 Au53. Ej.2 Au277 | ||
| 504 | _aBibliografía: p. 197-205 | ||
| 650 | 1 | 4 |
_aInversiones extranjeras _zChiapas, México _922617 |
| 650 | 1 | 4 |
_aCorporaciones estadounidenses _zChiapas _922618 |
| 651 | 4 |
_aChiapas _xCondiciones económicas _922619 |
|
| 902 | _aGRL | ||
| 942 |
_2lcc _cB |
||
| 999 |
_c8815 _d8815 |
||